000 01074nam a22002057a 4500
001 9537
003 FISKH
005 20260120112225.0
008 260120b cb ||||| |||| 00| 0 eng d
040 _aFISKH
_beng
_cFISKH
_dFISKH
082 _a268.37
100 _aHull , Eleanor
245 _aThrough the secret door /
_cwritten by Eleanor Hull : illustrated by Gilbert Riswold
260 _aBoston :
_bUnited Church Press ,
_c1963 .
300 _a96 pages :
_bcolor illustrations ;
_c21 cm .
520 _aThe story follows a young boy who discovers a mysterious secret door in his house. When he steps through it, he enters a magical and mysterious world that challenges his courage and curiosity. As he explores, he learns lessons about bravery, imagination, and self-discovery, encountering strange characters and unexpected adventures along the way. The book combines elements of fantasy and coming-of-age, making it both entertaining and thought-provoking for young readers.
700 _aRiswold , Gilbert
_eIllustrator
942 _2ddc
_cBK
_n0
999 _c9537
_d9537